000 00452nam a2200133Ia 4500
008 100328s9999 xx 000 0 und d
082 _b8818
100 _aलांजेकर मो.म. आणि काळे वा.सी.
245 _aवाणिज्य भूगोल
260 _bठाकूर आणि कं.
630 _aवाणिज्य भूगोल
730 _aवाणिज्य भूगोल
942 _cBOOK
999 _c504556
_d504553